Normal view
MARC view
Entry Personal Name
001 - CONTROL NUMBER
- control field: 782
003 - CONTROL NUMBER IDENTIFIER
- control field: BD-RjUL
005 - DATE AND TIME OF LATEST TRANSACTION
- control field: 20220117160916.0
008 - FIXED-LENGTH DATA ELEMENTS
- fixed length control field: 220117|| aca||aabn | a|a d
040 ## - CATALOGING SOURCE
- Original cataloging agency: BD-RjUL
- Transcribing agency: BD-RjUL
100 ## - HEADING--PERSONAL NAME
- Personal name: Taj, Syed Imtiaz Ali ;; تاج, سید امتیاز علی
670 ## - SOURCE DATA FOUND
- Source citation: Work cat.: (BD-RjUL)79208: Taj, Syed Imtiaz Ali ;; تاج, سید امتیاز علی, اردو کا کلاسیکی ادب ;; Classical Urdu literature /, 1964